State by Postal Abbreviation Quiz Stats

 Plays Quiz Updated Feb 25, 2019

Score 0/56 Timer 03:00
4 Plays Today
Abbrev. State/Territory % Correct
TXTexas
79.2%
NYNew York
79.1%
FLFlorida
78.8%
OHOhio
78.7%
NJNew Jersey
78.5%
AZArizona
78.5%
UTUtah
78.4%
CACalifornia
78.3%
OKOklahoma
78.3%
KSKansas
78.1%
ILIllinois
77.8%
INIndiana
77.6%
WYWyoming
77.5%
KYKentucky
77.4%
COColorado
77.4%
OROregon
77.2%
ALAlabama
77%
NVNevada
76.7%
IDIdaho
76.7%
TNTennessee
76.4%
NCNorth Carolina
76.3%
NHNew Hampshire
76.3%
WIWisconsin
76.2%
SCSouth Carolina
76.2%
VTVermont
76.1%
WAWashington
76.1%
GAGeorgia
76%
RIRhode Island
76%
Abbrev. State/Territory % Correct
HIHawaii
75.5%
SDSouth Dakota
75.4%
DEDelaware
75.2%
IAIowa
75.1%
NMNew Mexico
75%
VAVirginia
74.8%
WVWest Virginia
74.7%
ARArkansas
74.4%
PAPennsylvania
74.2%
NDNorth Dakota
74%
CTConnecticut
74%
MNMinnesota
73%
MDMaryland
72.5%
MTMontana
72.4%
MIMichigan
71.4%
LALouisiana
71%
DCDistrict of Columbia
70.3%
MEMaine
69.8%
AKAlaska
69.1%
MSMississippi
69.1%
MOMissouri
68.3%
MAMassachusetts
67.3%
NENebraska
64.2%
PRPuerto Rico
60%
GUGuam
56%
VIVirgin Islands
51.1%
ASAmerican Samoa
21%
MPNorthern Mariana Islands
5.7%

You're not logged in!

Compare scores with friends on all Sporcle quizzes.
OR
Log In

You Might Also Like...

Show Comments

Extras

Top Quizzes Today


Score Distribution

Your Account Isn't Verified!

In order to create a playlist on Sporcle, you need to verify the email address you used during registration. Go to your Sporcle Settings to finish the process.

Report this User

Report this user for behavior that violates our Community Guidelines.

Details: